000 01268nam a2200337Ia 4500
001 ebr10620165
003 CaPaEBR
006 m u
007 cr cn|||||||||
008 120712s2012 maua sb 001 0 eng d
010 _z 2012023985
020 _z0674067045 (alk. paper)
020 _z9780674067042 (alk. paper)
020 _z9780674067882
040 _aCaPaEBR
_cCaPaEBR
035 _a(OCoLC)816511807
050 1 4 _aQL737.P96
_bS733 2012eb
082 0 4 _a599.88
_223
100 1 _aStanford, Craig B.
_q(Craig Britton),
_d1956-
245 1 0 _aPlanet without apes
_h[electronic resource] /
_cCraig B. Stanford.
260 _aCambridge, Mass. :
_bBelknap Press of Harvard University Press,
_c2012.
300 _a262 p. :
_bill.
504 _aIncludes bibliographical references and index.
533 _aElectronic reproduction.
_bPalo Alto, Calif. :
_cebrary,
_d2011.
_nAvailable via World Wide Web.
_nAccess may be limited to ebrary affiliated libraries.
650 0 _aApes.
650 0 _aEndangered species.
650 0 _aExtinct animals.
655 7 _aElectronic books.
_2local
710 2 _aebrary, Inc.
856 4 0 _uhttp://site.ebrary.com/lib/rucke/Doc?id=10620165
_zAn electronic book accessible through the World Wide Web; click to view
999 _c53888
_d53888